| 000 | 00477nam a22001697a 4500 | ||
|---|---|---|---|
| 005 | 20241216133728.0 | ||
| 008 | 241216b ||||| |||| 00| 0 eng d | ||
| 040 | _cAL | ||
| 041 | _aEnglish | ||
| 082 |
_223 _a348.04 _bCHAA |
||
| 100 |
_aJagjith Singh Chawla _9191094 |
||
| 245 | _aAll India Criminal Law Reporter: Vol 24 1994(1) | ||
| 260 |
_aChandigarh _b All India Criminal Law Reporter _c1994 |
||
| 300 | _a910 p. | ||
| 650 |
_aCriminal law _9191095 |
||
| 942 |
_2ddc _cBI |
||
| 999 |
_c232943 _d232943 |
||